Loading...
Infrastructure of terrorism /
| Main Author: | |
|---|---|
| Format: | Printed Book |
| Published: |
New Delhi :
Cyber tech publications,
2010.
|
| Subjects: |
| LEADER | 00487nam a22001457a 4500 | ||
|---|---|---|---|
| 020 | |a 9788178846187 | ||
| 082 | |a 303.625 |b DIX.I | ||
| 100 | |a Dixit, A K | ||
| 245 | |a Infrastructure of terrorism / |c by A K Dixit. | ||
| 260 | |a New Delhi : |b Cyber tech publications, |c 2010. | ||
| 300 | |a 285 p. | ||
| 650 | |a Terrorism. | ||
| 942 | |c BK | ||
| 999 | |c 300479 |d 300479 | ||
| 952 | |0 0 |1 0 |4 0 |6 303_625000000000000_DIX_I |7 0 |8 NFIC |9 320829 |a POL |b POL |c GEN |d 2020-09-29 |l 0 |o 303.625 DIX.I |p POL18968 |r 2020-09-29 |w 2020-09-29 |y BK | ||